| 000 | 00779nam a2200205Ia 4500 | ||
|---|---|---|---|
| 005 | 20250514112252.0 | ||
| 008 | 250326s9999 xx 000 0 und d | ||
| 020 |
_a9781483344713 _qpbk |
||
| 041 | _aeng | ||
| 082 |
_a327.500905 _bLI |
||
| 100 | _aLi, Chien-Pin | ||
| 245 | 0 |
_aRising East Asia _cChien-Pin Li |
|
| 250 | _a1st edition | ||
| 260 |
_bSage Publications _c2021 _aCalifornia |
||
| 300 |
_a333p; _c24 cm; |
||
| 504 | _aBib and Ref | ||
| 520 | _aRising East Asia by Chien-pin Li is a core text for the Politics of East Asia course that covers the economic, political, and security concerns of China, Japan, and Korea since the end of World War II | ||
| 650 | _a Diplomatic relations ; East Asia ; East Asia Foreign relations 21st century ; | ||
| 942 | _cENGLISH | ||
| 999 |
_c569797 _d569797 |
||